Statistics for Random LotR Trivia (Difficult)

Click here to take the quiz!

General Stats

  • This quiz has been taken 1,374 times
  • The average score is 6 of 19

Answer Stats

QuestionAnswer% Correct
What was Morgoth eventually calledMelkor
71%
Land of the ValarValinor
52%
Other name for TreebeardFangorn
50%
Spirits that descended to Arda to help the Valar shape the worldMaiar
50%
The final major battle in the LOTR (Shortly before Sauron was destroyed)Battle of the Black Gate
49%
The name of the fictional world this takes place inArda
43%
Also called "The Valaraukar"Balrog
40%
What was ‎KhamûlNazgul
37%
The greatest of all winged dragonsAncalagon the Black
34%
First king of RohanEorl the Young
34%
The first terrestrial, fire-breathing creature in Middle-EarthGlaurung
26%
The name of the battle that took place in Helms DeepBattle of the Hornburg
25%
The name of the battle where Sauruman diedBattle of Bywater
22%
The hobbit race that Gollum used to beStoor
20%
Capital of the ShireMichel Delving
19%
Another name for the Wildmen of DunlandDunlending
16%
What does the name "Bree" mean (according to Tolkien)Hill
8%
The hill Dol Goldur was built onAmon Lanc
5%
The blue wizardsAlatar and Palando
3%

Score Distribution

Percentile by Number Answered

Percent of People with Each Score

Your Score History

You have not taken this quiz